000 00767nam a22002657a 4500
003 CHAP
005 20220329134248.0
008 971013s1987 r 00010 d
010 _a17782
011 _a18754
035 _a22839
040 _cCHAP
090 _aFolleto 11634
100 0 0 _aJordan, Hebert C.
_ecomp.
_962098
245 _a4-H Rabbit production
260 _aUniversity Park, Penn :
_bPennsylvania State University,
_c(1987?)
300 _a25 p.
_b: ilus
590 _aBATCH-UPD
_b10
_c20130110
_lUCH01
_h2110
590 _aCONVERSION
_b10
_c20130109
_lUCH01
_h1311
650 1 4 _aConejos
_xMejoramiento.
_926371
650 1 4 _aCunicultura.
_930449
901 _aBK
942 _cFOLL
949 _aFolleto 11634
_bBC
_cFOLL
_d-53302
_eTS1
_gI.C/E
_i22839
_si
999 _c17782
_d17782